| 000 | 00975nam1a22002411 4500 | ||
|---|---|---|---|
| 001 | rc\2936715 | ||
| 005 | 20110823115318.5 | ||
| 035 | _a(NLR Aleph) 007085797 | ||
| 090 |
_a6523254 _c6523254 |
||
| 100 | _a20110823d1934 |||y0rusy50 ca | ||
| 101 | 0 | _arus | |
| 102 | _aRU | ||
| 105 | _ay z ||||| | ||
| 200 | 1 |
_aКурс сферической астрономии _fпроф. С.А. Казаков _gМоск. гос. ун-т им. М.Н. Покровского. Мех.-мат. фак. |
|
| 210 |
_aМосква _cБ. и. _d1934 _gКомбинат печати и черт. НКТП |
||
| 215 | _d30х21 см | ||
| 700 | 1 |
_aКазаков _bС. А. _f1873-1936 _gСергей Алексеевич |
|
| 712 | 0 | 2 |
_aМосковский государственный университет _bМеханико-математический факультет _4570 |
| 801 | 0 |
_aRU _bNLR _gpsbo |
|
| 801 | 1 |
_aRU _bELAR _2rusmarc |
|
| 852 |
_aNLR _j34-20/239(3) |
||
| 942 | _cBOOK | ||
| 980 | _aNB | ||